| 000 | 00408 a2200109 4500 | ||
|---|---|---|---|
| 001 | ART_10855 | ||
| 005 | 20260410161853.0 | ||
| 008 | 260409a | ||
| 245 | 1 | 0 | _aAborto La vida o la libertad, la violencia de una falsa opción |
| 100 | 1 | _aCartabia, Sabrina A. | |
| 773 | 0 |
_tFilosofía del derecho _gCuestiones conceptuales, metodológicas y normativas - Año I, Nº 1 (mayo 2012) _wREV10449 |
|
| 999 |
_c25173 _d25173 |
||